| 000 | 00828 a2200253 4500 | ||
|---|---|---|---|
| 001 | 75317 | ||
| 111 |
_956022 _aOrta Öğretimde Yeniden Yapılanma Sempozyumu _d(2004 : _cAnkara) |
||
| 999 |
_c75317 _d17418 |
||
| 003 | TR-AnTOB | ||
| 005 | 20240117152622.0 | ||
| 008 | 110630s2006 tu df 100 0 | ||
| 041 | _atur | ||
| 050 |
_aLB1607.53.T9 _bO78 2006 |
||
| 090 | _aLB1607.53.T9 O78 2006 | ||
| 245 | 0 |
_aOrta öğretimde yeniden yapılanma : _bbildiriler, 20-22 Aralık 2004. |
|
| 264 | 1 |
_aAnkara : _bTalim ve Terbiye Kurulu Başkanlığı, _c2006. |
|
| 300 |
_a690 s. : _bgrf., tbl. ; _c27 cm. |
||
| 500 | _aKütüphanede 2 kopya vardır. | ||
| 650 | 0 |
_aEğitim, Orta _zTürkiye _vKongreler _962908 |
|
| 650 |
_aEducation, Secondary _zTurkey _vCongresses _956023 |
||
| 902 | _a0029893, 0029894 | ||
| 903 | _aMerkez Kutuphane | ||
| 945 | _aSC, BS | ||
| 942 | _cBK | ||